Estrategias y recursos para responder a la diversidad en educación (Record no. 706773)
[ view plain ]
| 000 -CABECERA | |
|---|---|
| Campo de control de longitud fija | 00613nab a2200157Ia 4500 |
| 003 - IDENTIFICADOR DEL NÚMERO DE CONTROL | |
| Campo de control | ES-SlBCS |
| 005 - FECHA Y HORA DE LA ÚLTIMA TRANSACCIÓN | |
| Campo de control | 20210601144322.0 |
| 008 - CÓDIGOS DE INFORMACIÓN DE LONGITUD FIJA | |
| Campo de control de longitud fija | 140529s1998 xxu||||| |||| 00| 0 spa d |
| 041 ## - CÓDIGO DE LENGUA | |
| Código de lengua del texto/banda sonora o título independiente | spa |
| 100 1# - PUNTO DE ACCESO PRINCIPAL-NOMBRE DE PERSONA | |
| Nombre de persona | Balbás Ortega, María Jesús |
| 9 (RLIN) | 229320 |
| 245 00 - MENCIÓN DE TÍTULO | |
| Título | Estrategias y recursos para responder a la diversidad en educación |
| Mención de responsabilidad, etc. | María Jesús Balbás Ortega, Manuel Jaramillo Márquez |
| 650 04 - PUNTO DE ACCESO ADICIONAL DE MATERIA-TÉRMINO DE MATERIA | |
| Término de materia o nombre geográfico como elemento inicial | Educación-Diversidad |
| 9 (RLIN) | 139789 |
| 700 1# - PUNTO DE ACCESO ADICIONAL-NOMBRE DE PERSONA | |
| Nombre de persona | Jaramillo Márquez, Manuel |
| 9 (RLIN) | 229321 |
| 773 0# - ENLACE AL DOCUMENTO FUENTE | |
| Título | Revista de Ciencias de la Educacion (Antes: Revista Calasancia) |
| Parte(s) relacionada(s) | nº. 174, 1998, págs. 171-182 |
| Número de control del registro relacionado | Rev1696 |
| 942 ## - ENTRADA DE ELEMENTOS AGREGADOS (KOHA) | |
| Koha [por defecto] tipo de item | Artículos de revista |
| Suprimido | Perdido | Estropeado | No para préstamo | Localización permanente | Localización actual | Localización en estantería | Fecha adquisición | Préstamos totales | Fecha última consulta | Fecha del precio de reemplazo | Tipo de item de Koha |
|---|---|---|---|---|---|---|---|---|---|---|---|
| San Esteban | San Esteban | Depósito de revistas | 11/07/2014 | 11/07/2014 | 11/07/2014 | Artículos de revista |
